Statistiques concernant Le Caire - Culture générale

Cliquez ici pour prendre le quiz!

Statistiques générales

  • Ce quiz a été pris 130 fois
  • Le résultat moyen est 9 sur 15

Statistiques - réponses

InformationRéponse% Correct
Fleuve qui traverse la villeNil
98%
Ville de la métropole où sont observables les pyramidesGizeh
86%
Épidémie qui décima 200'000 personnes en 2 siècles, menant à un déclinPeste noire
76%
Seule ville africaine plus peupléeLagos
71%
Organisation qui regroupe 22 pays à confession musulmane et siège iciLigue {Arabe}
71%
Comédie française qui se déroule au Caire avec Jean DujardinOSS 117: Le Caire, nid d'{espions}
71%
Chanteuse qui s'est fait connaitre en France avec Bambino en 1956Dalida
68%
Année durant laquelle de nombreuses manifestations s'y sont tenues2011
61%
Nom donné aux habitants du CaireCairote
53%
Ancienne capitale de l'Egypte non loin de l'emplacement actuel du CaireMemphis
53%
Ancien président égyptien assassiné ici en 1981Anouar El-Sadate
40%
Route de commerce entre Europe et Asie qui passait par la ville et l'enrichitRoute des {épices}
39%
Grande place, littéralement "place de la Libération"Place {Tahrir}
30%
Vizir arabe, sultan lors de la 3ème croisade, qui fit du Caire une ville royaleSaladin
26%
Cité antique de Mésopotamie qui a donné son nom à une forteresse romaineForteresse de {Babylone}
24%

Distribution des résultats

Percentile par nombre de réponses

% des personnes avec chaque résultat

Votre développement - résultats

Vous n’avez pas pris ce quiz